Southville International School and Colleges
Your cart is empty.
  • Cart
  • Lists
    Public lists Eva Luna New books Lux_list list_1
    Your lists Log in to create your own lists
  • Log in to your account
  • Your cookies
  • Search history
Southville International School and Colleges
  • Advanced search
  • Recent comments
  • Most popular
  • Libraries

Log in to your account

Log in with GOOGLE


If you do not have an external account, but do have a local account, you can still log in:

  1. Home
  2. MARC view: Vocabulaire progressive du francais
Normal view MARC view ISBD view

Vocabulaire progressive du francais (Record no. 288997)

[ view plain ]
MARC details
000 -LEADER
fixed length control field 00504nam a22001817a 4500
003 - CONTROL NUMBER IDENTIFIER
control field LC
005 - DATE AND TIME OF LATEST TRANSACTION
control field 20151202100349.0
008 - FIXED-LENGTH DATA ELEMENTS--GENERAL INFORMATION
fixed length control field 151202b xxu||||| |||| 00| 0 eng d
020 ## - INTERNATIONAL STANDARD BOOK NUMBER
International Standard Book Number 9782090381269
050 ## - LIBRARY OF CONGRESS CALL NUMBER
Classification number PC 2445 .M669 2010
100 ## - MAIN ENTRY--PERSONAL NAME
Personal name Miquel, Claire
245 ## - TITLE STATEMENT
Title Vocabulaire progressive du francais
Statement of responsibility, etc Claire Miquel
250 ## - EDITION STATEMENT
Edition statement 2nd edition
260 ## - PUBLICATION, DISTRIBUTION, ETC. (IMPRINT)
Name of publisher, distributor, etc CLE International
Date of publication, distribution, etc 2010
300 ## - PHYSICAL DESCRIPTION
Extent 175 pages.,
Other physical details col.,ill., + CD ROM
Dimensions 27 cm.
500 ## - GENERAL NOTE
General note Includes index
942 ## - ADDED ENTRY ELEMENTS (KOHA)
Source of classification or shelving scheme Library of Congress Classification
Koha item type Books
Holdings
Withdrawn status Lost status Source of classification or shelving scheme Damaged status Home library Current library Shelving location Date acquired Source of acquisition Total Checkouts Total Renewals Full call number Barcode Date last seen Date checked out Price effective from Koha item type Sub Shelving location
    Library of Congress Classification   Luxembourg Library Luxembourg Library Teachers Reference Section 12/02/2015 Library Fund 3 4 TR IB PC 2445 .M669 2010 IB0211 12/09/2019 11/13/2019 12/02/2015 Books  
    Library of Congress Classification   Luxembourg Library Luxembourg Library International Baccalaureate Section 12/02/2015 Library Fund 3 2 PC 2445 .M669 2010 IB0210 05/09/2024 05/02/2024 12/02/2015 Books  

Vocabulaire progressive du francais

APA

Miquel C., . (2010). Vocabulaire progressive du francais. : CLE International.

Chicago

Miquel Claire, . 2010. Vocabulaire progressive du francais. : CLE International.

Harvard

Miquel C., . (2010). Vocabulaire progressive du francais. : CLE International.

MLA

Miquel Claire, . Vocabulaire progressive du francais. : CLE International. 2010.

  • Place hold
  • Print
  • Cite
  • Add to your cart (remove)
  • Save record
    BIBTEX Dublin Core MARCXML MARC (non-Unicode/MARC-8) MARC (Unicode/UTF-8) MARC (Unicode/UTF-8, Standard) MODS (XML) RIS
  • More searches
    Search for this title in:
    Other Libraries (WorldCat) Other Databases (Google Scholar) Online Stores (Bookfinder.com) Open Library (openlibrary.org)

Exporting to Dublin Core...

SOUTHVILLE LIBRARY

Southville International School and Colleges Library

1281 Tropical Ave. Cor. Luxembourg St., BF Homes International, Las Pinas City

Tel. No. 8256374 / 252358 Loc. 117/146

Powered by Koha